LEADER 01226nam0-2200373---450- 001 990009843110403321 005 20140414085551.0 035 $a000984311 035 $aFED01000984311 035 $a(Aleph)000984311FED01 035 $a000984311 100 $a20140326d1942----km-y0itay50------ba 101 0 $aita 102 $aIT 105 $aY-------001yy 200 1 $a<>scisma del MCXXX$ei precedenti, la vicenda romana e le ripercussioni europee della lotta tra Anacleto e Innocenzo II$fPier Fausto Palumbo 210 $aRoma$cpresso la R. Deputazione alla Biblioteca Vallicelliana$d1942 215 $aXVI, 704 p.$d25 cm 225 1 $aMiscellanea della R. Deputazione Romana di Storia Patria 311 $aIn appendice: Regesto degli atti di Anacleto II 423 0$12001$aRegesto degli atti di Anacleto II 610 0 $aInnocentius 610 0 $aScisma$aSec. 12. 610 0 $aAnacleto 676 $a270.4 676 $a272 700 1$aPalumbo,$bPier Fausto$0137974 801 0$aIT$bUNINA$gRICA$2UNIMARC 901 $aBK 912 $a990009843110403321 952 $a270.4 PAL 1$bBibl. 64204$fFLFBC 959 $aFLFBC 996 $aScisma del MCXXX$9826487 997 $aUNINA LEADER 01003nam0-2200361---450- 001 990009651390403321 005 20121129121451.0 010 $a9781405189101 035 $a000965139 035 $aFED01000965139 035 $a(Aleph)000965139FED01 035 $a000965139 100 $a20121129d2011----km-y0itay50------ba 101 0 $aeng 102 $aGB 105 $a--------001yy 200 1 $aFood and beverage packaging technology$fedited by Richard Coles and Mark Kirwan 205 $a2nd ed. 210 $aChichester$cWiley-Blackwell$d2011 215 $axvi, 326 p.$cill.$d25 cm 610 0 $aFood Packaging 610 0 $aBeverages Packaging 610 0 $aFood Preservation 676 $a664.09 702 1$aColes,$bRichard 702 1$aKirwan,$bMark 801 0$aIT$bUNINA$gRICA$2UNIMARC 901 $aBK 912 $a990009651390403321 952 $a60 664.09 B 14$b14058$fFAGBC 959 $aFAGBC 996 $aFood and beverage packaging technology$9840004 997 $aUNINA